[Event "Las Palmas Insular-chT Pref-A"]
[Site "Las Palmas"]
[Date "2016.02.27"]
[Round "12.1"]
[White "Moreno Ramos, Aristides"]
[Black "Bozinovic, Boban"]
[Result "0-1"]
[WhiteElo "1747"]
[BlackElo "2010"]
[PlyCount "76"]
[EventDate "2015.10.17"]
[EventType "team-tourn"]
[EventRounds "14"]
[EventCountry "ESP"]
[SourceTitle "EXT 2017"]
[Source "ChessBase"]
[SourceDate "2016.10.25"]
[SourceVersion "1"]
[SourceVersionDate "2016.10.25"]
[SourceQuality "1"]
[WhiteTeam "Sociedad La Montana II"]
[BlackTeam "Mogan V"]
[WhiteTeamCountry "ESP"]
[BlackTeamCountry "ESP"]

1. e4 c5 2. Nf3 d6 3. d4 cxd4 4. Nxd4 Nf6 5. Nc3 g6 6. Be3 Bg7 7. f3 0-0 8. Qd2 Nc6 9. 0-0-0 d5 10. h3 Nxd4 11. Bxd4 dxe4 12. fxe4 Qa5 13. Bc4 b5 14. Nxb5 Qxd2+ 15. Rxd2 Bh6 16. Bxf6 exf6 17. Nc7 Rb8 18. Nd5 Kg7 19. b3 Be6 20. g4 Rfd8 21. Rg1 Kf8 22. Kd1 Bxd2 23. Kxd2 f5 24. Ke3 fxe4 25. Kxe4 h6 26. Rg2 Rd6 27. Rd2 Re8 28. Kd4 Bxd5 29. Bxd5 Rxd5+ 30. Kxd5 Rd8+ 31. Kc6 Rxd2 32. c4 Rxa2 33. b4 f5 34. gxf5 gxf5 35. Kb7 f4 36. c5 f3 37. c6 f2 38. c7 Rc2 0-1

[Event "Las Palmas Insular-chT Primera-A"]
[Site "Las Palmas"]
[Date "2014.01.25"]
[Round "7.3"]
[White "Moreno Ramos, Aristides"]
[Black "Roca Marrero, Fernando"]
[Result "1-0"]
[WhiteElo "1712"]
[BlackElo "1527"]
[PlyCount "69"]
[EventDate "2013.11.09"]
[EventType "team-tourn"]
[EventRounds "14"]
[EventCountry "ESP"]
[SourceTitle "EXT 2015"]
[Source "ChessBase"]
[SourceDate "2014.11.20"]
[SourceVersion "1"]
[SourceVersionDate "2014.11.20"]
[SourceQuality "1"]
[WhiteTeam "Claudio Mendoza"]
[BlackTeam "San Mateo "]
[WhiteTeamCountry "ESP"]
[BlackTeamCountry "ESP"]

1. e4 d6 2. Nf3 Nf6 3. Nc3 Nbd7 4. d4 e5 5. Bc4 h6 6. 0-0 c5 7. dxe5 dxe5 8. Qe2 Bd6 9. Rd1 Qe7 10. Nh4 Nb6 11. Bb5+ Kf8 12. h3 a6 13. Bc4 Nxc4 14. Qxc4 b5 15. Qd3 Ne8 16. Nf3 c4 17. Qe2 Nc7 18. a3 Bb7 19. b4 Qe6 20. Be3 Qg6 21. Nh4 Qf6 22. Nf5 Ne8 23. Nxd6 Nxd6 24. Rxd6 Qh4 25. Bc5 Kg8 26. Rad1 Kh7 27. Rd7 Bc8 28. Be7 f6 29. Rd8 Qg5 30. Rxh8+ Kxh8 31. Qf3 Be6 32. Nd5 Bf7 33. Nxf6 g6 34. Nd5 Qh5 35. g4 1-0

[Event "Gran Canaria Mendoz Memorial 3rd"]
[Site "Gran Canaria"]
[Date "2011.11.05"]
[Round "6"]
[White "Cruz Pino, Adrian"]
[Black "Moreno Ramos, Aristides"]
[Result "1-0"]
[WhiteElo "1960"]
[BlackElo "1674"]
[PlyCount "109"]
[EventDate "2011.10.29"]
[EventType "swiss"]
[EventRounds "7"]
[EventCountry "ESP"]
[SourceTitle "EXT 2012"]
[Source "ChessBase"]
[SourceDate "2011.11.24"]
[SourceVersion "1"]
[SourceVersionDate "2011.11.24"]
[SourceQuality "1"]

1. e4 e6 2. d4 d5 3. Nc3 dxe4 4. Nxe4 Be7 5. Nf3 Nf6 6. Nxf6+ Bxf6 7. Bd3 Nc6 8. c3 b6 9. 0-0 Bb7 10. Re1 Ne7 11. Ne5 Bxe5 12. Rxe5 Ng6 13. Rh5 Qd6 14. Qg4 0-0-0 15. Qg3 e5 16. Bxg6 hxg6 17. Rxe5 f6 18. Re3 Qxg3 19. Rxg3 g5 20. Bd2 Rh4 21. Re1 g4 22. Rge3 Bc6 23. Re7 g5 24. R1e6 Kb7 25. Rxf6 Rdh8 26. Bxg5 Rxh2 27. Kf1 Bxg2+ 28. Ke1 Bf3 29. Bf4 Rh1+ 30. Kd2 Rc8 31. Rff7 Ka6 32. c4 Rd1+ 33. Kc3 b5 34. c5 Bd5 35. Rxc7 b4+ 36. Kc2 Rxc7 37. Rxc7 Rxd4 38. Be3 Rc4+ 39. Kd3 Re4 40. c6 Rxe3+ 41. Kxe3 Kb6 42. Rg7 Kxc6 43. Rxg4 a5 44. a3 bxa3 45. bxa3 Bb3 46. Rg5 a4 47. Kd4 Kd6 48. Rg6+ Ke7 49. Ke5 Kd7 50. f4 Ke7 51. Rg7+ Bf7 52. Rxf7+ Kxf7 53. Kf5 Kf8 54. Kf6 Ke8 55. Kg7 1-0

[Event "Gran Canaria Mendoz Memorial 3rd"]
[Site "Gran Canaria"]
[Date "2011.10.30"]
[Round "2"]
[White "Alonso Valiente, Alexis"]
[Black "Moreno Ramos, Aristides"]
[Result "1-0"]
[WhiteElo "2059"]
[BlackElo "1674"]
[PlyCount "63"]
[EventDate "2011.10.29"]
[EventType "swiss"]
[EventRounds "7"]
[EventCountry "ESP"]
[SourceTitle "EXT 2012"]
[Source "ChessBase"]
[SourceDate "2011.11.24"]
[SourceVersion "1"]
[SourceVersionDate "2011.11.24"]
[SourceQuality "1"]

1. Nf3 Nc6 2. d4 d5 3. c4 Nf6 4. Nc3 e6 5. a3 Be7 6. Bf4 a6 7. e3 0-0 8. Rc1 Ne4 9. Bd3 f5 10. cxd5 exd5 11. Nxd5 Bd6 12. Qc2 Kh8 13. 0-0 Bxf4 14. Nxf4 g5 15. Ne2 g4 16. Ne5 Ng5 17. Qc5 Rf6 18. Nxc6 bxc6 19. Qe5 Bb7 20. Ng3 c5 21. Nh5 Bxg2 22. Kxg2 Nf3 23. Qxf6+ Qxf6 24. Nxf6 Rf8 25. Nd7 Rf7 26. Nxc5 f4 27. Nxa6 Nh4+ 28. Kh1 Rf6 29. Rxc7 Nf3 30. Rxh7+ Kg8 31. Rc1 Rf8 32. Rcc7 1-0